000 00808cam a22002411 4500
001 map58000130
003 DLC
005 20260227111555.0
008 820624s1920 xx 000 0 spa
010 _amap58000130
035 _a(OCoLC)14021112
040 _aDLC
_cPSt
_dDLC
050 0 0 _aG5
_b.S673
100 2 _aHope-Jones, H.
245 1 0 _aNomenclador alfabético del mapa del Perú por Raimondi
_cH. Hope-Jones
260 _aLima, Perú
_c1920
300 _a159 p.
_bmaps
_c25 cm.
490 1 _aPublicaciones de la Sociedad Geográfica de Lima ; [1]
500 _aFirst issued in parts in the Boletín de la Sociedad Geográfica de Lima
651 0 _aPeru
_vGazetteers.
700 1 _aRaimondi, Antonio,
_d1826-1890.
_tMapa del Perú
810 2 _aSociedad Geográfica de Lima.
_tPublicaciones ;
_v1.
999 _c37804
_d37804